<?xml version="1.0" encoding="UTF-8"?>
<record
    xmlns:xsi="http://www.w3.org/2001/XMLSchema-instance"
    xsi:schemaLocation="http://www.loc.gov/MARC21/slim http://www.loc.gov/standards/marcxml/schema/MARC21slim.xsd"
    xmlns="http://www.loc.gov/MARC21/slim">

  <leader>03180cam a2200865   4500</leader>
  <controlfield tag="001">436699</controlfield>
  <controlfield tag="003">ItRFAO</controlfield>
  <controlfield tag="008">081119t2008    xxu|||||  ||| 00| 0     d</controlfield>
  <datafield tag="020" ind1=" " ind2=" ">
    <subfield code="a">92-5-505985-8</subfield>
  </datafield>
  <datafield tag="022" ind1=" " ind2=" ">
    <subfield code="a">0258-6150</subfield>
  </datafield>
  <datafield tag="040" ind1=" " ind2=" ">
    <subfield code="a">ItRFAO</subfield>
  </datafield>
  <datafield tag="084" ind1=" " ind2=" ">
    <subfield code="a">S238 38 CH.ED</subfield>
  </datafield>
  <datafield tag="110" ind1=" " ind2=" ">
    <subfield code="a">FAO, Rome (Italy). Forest Products and Industries Div.</subfield>
    <subfield code="l">eng</subfield>
    <subfield code="9">1091</subfield>
  </datafield>
  <datafield tag="242" ind1=" " ind2=" ">
    <subfield code="a">Forests and energy: key issues</subfield>
  </datafield>
  <datafield tag="245" ind1=" " ind2=" ">
    <subfield code="a">&#x7CAE;&#x519C;&#x7EC4;&#x7EC7; &#x6797; &#x4E1A;&#x8BBA; &#x6587; 154 &#x68EE;&#x6797;&#x4E0E;&#x80FD;&#x6E90;  &#x4E3B;&#x8981;&#x95EE;&#x9898;</subfield>
  </datafield>
  <datafield tag="260" ind1=" " ind2=" ">
    <subfield code="a">Rome (Italy)</subfield>
    <subfield code="b">FAO</subfield>
    <subfield code="c">2008</subfield>
  </datafield>
  <datafield tag="300" ind1=" " ind2=" ">
    <subfield code="a">56 p.</subfield>
  </datafield>
  <datafield tag="520" ind1=" " ind2=" ">
    <subfield code="a">Summary (Zh)</subfield>
  </datafield>
  <datafield tag="546" ind1=" " ind2=" ">
    <subfield code="a">Chinese</subfield>
  </datafield>
  <datafield tag="650" ind1="1" ind2="7">
    <subfield code="2">agrovoc</subfield>
    <subfield code="a">FOREST RESOURCES</subfield>
    <subfield code="9">1092</subfield>
  </datafield>
  <datafield tag="650" ind1="1" ind2="7">
    <subfield code="2">agrovoc</subfield>
    <subfield code="a">ENERGY RESOURCES</subfield>
    <subfield code="9">1093</subfield>
  </datafield>
  <datafield tag="650" ind1="1" ind2="7">
    <subfield code="2">agrovoc</subfield>
    <subfield code="a">TRENDS</subfield>
    <subfield code="9">1094</subfield>
  </datafield>
  <datafield tag="650" ind1="1" ind2="7">
    <subfield code="2">agrovoc</subfield>
    <subfield code="a">IMPACT ASSESSMENT</subfield>
    <subfield code="9">1095</subfield>
  </datafield>
  <datafield tag="650" ind1="1" ind2="7">
    <subfield code="2">agrovoc</subfield>
    <subfield code="a">BIOENERGY</subfield>
    <subfield code="9">1096</subfield>
  </datafield>
  <datafield tag="650" ind1="1" ind2="7">
    <subfield code="2">agrovoc</subfield>
    <subfield code="a">WOOD</subfield>
    <subfield code="9">1097</subfield>
  </datafield>
  <datafield tag="650" ind1="2" ind2="7">
    <subfield code="2">agrovoc</subfield>
    <subfield code="a">CLIMATIC CHANGE</subfield>
    <subfield code="9">1098</subfield>
  </datafield>
  <datafield tag="650" ind1="2" ind2="7">
    <subfield code="2">agrovoc</subfield>
    <subfield code="a">SUPPLY</subfield>
    <subfield code="9">1099</subfield>
  </datafield>
  <datafield tag="650" ind1="2" ind2="7">
    <subfield code="2">agrovoc</subfield>
    <subfield code="a">FOOD SECURITY</subfield>
  </datafield>
  <datafield tag="650" ind1="2" ind2="7">
    <subfield code="2">agrovoc</subfield>
    <subfield code="a">LAND OWNERSHIP</subfield>
    <subfield code="9">1101</subfield>
  </datafield>
  <datafield tag="650" ind1="2" ind2="7">
    <subfield code="2">agrovocf</subfield>
    <subfield code="a">CHANGEMENT CLIMATIQUE</subfield>
    <subfield code="9">1102</subfield>
  </datafield>
  <datafield tag="650" ind1="2" ind2="7">
    <subfield code="2">agrovocf</subfield>
    <subfield code="a">OFFRE</subfield>
    <subfield code="9">1103</subfield>
  </datafield>
  <datafield tag="650" ind1="2" ind2="7">
    <subfield code="2">agrovocf</subfield>
    <subfield code="a">SECURITE ALIMENTAIRE</subfield>
  </datafield>
  <datafield tag="650" ind1="2" ind2="7">
    <subfield code="2">agrovocf</subfield>
    <subfield code="a">PROPRIETE FONCIERE</subfield>
    <subfield code="9">1105</subfield>
  </datafield>
  <datafield tag="650" ind1="1" ind2="7">
    <subfield code="2">agrovocf</subfield>
    <subfield code="a">RESSOURCE FORESTIERE</subfield>
    <subfield code="9">1106</subfield>
  </datafield>
  <datafield tag="650" ind1="1" ind2="7">
    <subfield code="2">agrovocf</subfield>
    <subfield code="a">RESSOURCE ENERGETIQUE</subfield>
    <subfield code="9">1107</subfield>
  </datafield>
  <datafield tag="650" ind1="1" ind2="7">
    <subfield code="2">agrovocf</subfield>
    <subfield code="a">TENDANCE</subfield>
    <subfield code="9">1108</subfield>
  </datafield>
  <datafield tag="650" ind1="1" ind2="7">
    <subfield code="2">agrovocf</subfield>
    <subfield code="a">EVALUATION DE L'IMPACT</subfield>
    <subfield code="9">1109</subfield>
  </datafield>
  <datafield tag="650" ind1="1" ind2="7">
    <subfield code="2">agrovocf</subfield>
    <subfield code="a">BIOENERGIE</subfield>
    <subfield code="9">1110</subfield>
  </datafield>
  <datafield tag="650" ind1="1" ind2="7">
    <subfield code="2">agrovocf</subfield>
    <subfield code="a">BOIS</subfield>
    <subfield code="9">1111</subfield>
  </datafield>
  <datafield tag="650" ind1="2" ind2="7">
    <subfield code="2">agrovocs</subfield>
    <subfield code="a">CAMBIO CLIMATICO</subfield>
    <subfield code="9">1112</subfield>
  </datafield>
  <datafield tag="650" ind1="2" ind2="7">
    <subfield code="2">agrovocs</subfield>
    <subfield code="a">OFERTA</subfield>
    <subfield code="9">1113</subfield>
  </datafield>
  <datafield tag="650" ind1="2" ind2="7">
    <subfield code="2">agrovocs</subfield>
    <subfield code="a">SEGURIDAD ALIMENTARIA</subfield>
  </datafield>
  <datafield tag="650" ind1="2" ind2="7">
    <subfield code="2">agrovocs</subfield>
    <subfield code="a">PROPIEDAD DE LA TIERRA</subfield>
    <subfield code="9">1115</subfield>
  </datafield>
  <datafield tag="650" ind1="1" ind2="7">
    <subfield code="2">agrovocs</subfield>
    <subfield code="a">RECURSOS FORESTALES</subfield>
    <subfield code="9">1116</subfield>
  </datafield>
  <datafield tag="650" ind1="1" ind2="7">
    <subfield code="2">agrovocs</subfield>
    <subfield code="a">RECURSOS ENERGETICOS</subfield>
    <subfield code="9">1117</subfield>
  </datafield>
  <datafield tag="650" ind1="1" ind2="7">
    <subfield code="2">agrovocs</subfield>
    <subfield code="a">TENDENCIAS</subfield>
    <subfield code="9">1118</subfield>
  </datafield>
  <datafield tag="650" ind1="1" ind2="7">
    <subfield code="2">agrovocs</subfield>
    <subfield code="a">EVALUACION DEL IMPACTO</subfield>
    <subfield code="9">1119</subfield>
  </datafield>
  <datafield tag="650" ind1="1" ind2="7">
    <subfield code="2">agrovocs</subfield>
    <subfield code="a">BIOENERGIA</subfield>
    <subfield code="9">1120</subfield>
  </datafield>
  <datafield tag="650" ind1="1" ind2="7">
    <subfield code="2">agrovocs</subfield>
    <subfield code="a">MADERA</subfield>
    <subfield code="9">1121</subfield>
  </datafield>
  <datafield tag="651" ind1=" " ind2="7">
    <subfield code="2">agrovoc</subfield>
    <subfield code="a">DEVELOPING COUNTRIES</subfield>
  </datafield>
  <datafield tag="651" ind1=" " ind2="7">
    <subfield code="2">agrovoc</subfield>
    <subfield code="a">OECD COUNTRIES</subfield>
    <subfield code="9">1123</subfield>
  </datafield>
  <datafield tag="651" ind1=" " ind2="7">
    <subfield code="2">agrovocf</subfield>
    <subfield code="a">PAYS EN DEVELOPPEMENT</subfield>
  </datafield>
  <datafield tag="651" ind1=" " ind2="7">
    <subfield code="2">agrovocf</subfield>
    <subfield code="a">PAYS DE L'OCDE</subfield>
    <subfield code="9">1125</subfield>
  </datafield>
  <datafield tag="651" ind1=" " ind2="7">
    <subfield code="2">agrovocs</subfield>
    <subfield code="a">PAISES EN DESARROLLO</subfield>
  </datafield>
  <datafield tag="651" ind1=" " ind2="7">
    <subfield code="2">agrovocs</subfield>
    <subfield code="a">PAISES DE LA OCDE</subfield>
    <subfield code="9">1127</subfield>
  </datafield>
  <datafield tag="690" ind1=" " ind2="7">
    <subfield code="2">agrissce</subfield>
    <subfield code="a">K01-Forestry - General aspects</subfield>
  </datafield>
  <datafield tag="690" ind1=" " ind2="7">
    <subfield code="2">agrissce</subfield>
    <subfield code="a">P05-Energy resources and management</subfield>
  </datafield>
  <datafield tag="690" ind1=" " ind2="7">
    <subfield code="2">agrissce</subfield>
    <subfield code="a">P06-Renewable energy resources</subfield>
  </datafield>
  <datafield tag="775" ind1=" " ind2=" ">
    <subfield code="e">eng</subfield>
    <subfield code="o">433515</subfield>
  </datafield>
  <datafield tag="775" ind1=" " ind2=" ">
    <subfield code="e">fre</subfield>
    <subfield code="o">433517</subfield>
  </datafield>
  <datafield tag="775" ind1=" " ind2=" ">
    <subfield code="e">spa</subfield>
    <subfield code="o">433519</subfield>
  </datafield>
  <datafield tag="775" ind1=" " ind2=" ">
    <subfield code="e">ara</subfield>
    <subfield code="o">436697</subfield>
  </datafield>
  <datafield tag="775" ind1=" " ind2=" ">
    <subfield code="e">rus</subfield>
    <subfield code="o">436701</subfield>
  </datafield>
  <datafield tag="830" ind1=" " ind2=" ">
    <subfield code="t">FAO Forestry Paper (Chinese ed.) (FAO)</subfield>
    <subfield code="l">chi</subfield>
    <subfield code="v">154</subfield>
    <subfield code="a">FAO Forestry Paper</subfield>
  </datafield>
  <datafield tag="856" ind1=" " ind2=" ">
    <subfield code="u">http://www.fao.org/docrep/010/i0139r/i0139r00.htm</subfield>
    <subfield code="z">Russian</subfield>
  </datafield>
  <datafield tag="856" ind1=" " ind2=" ">
    <subfield code="u">http://www.fao.org/docrep/010/i0139c/i0139c00.htm</subfield>
    <subfield code="z">Chinese</subfield>
  </datafield>
  <datafield tag="856" ind1=" " ind2=" ">
    <subfield code="u">http://www.fao.org/docrep/010/i0139e/i0139e00.htm</subfield>
    <subfield code="z">English</subfield>
  </datafield>
  <datafield tag="856" ind1=" " ind2=" ">
    <subfield code="u">http://www.fao.org/docrep/010/i0139f/i0139f00.htm</subfield>
    <subfield code="z">French</subfield>
  </datafield>
  <datafield tag="856" ind1=" " ind2=" ">
    <subfield code="u">http://www.fao.org/docrep/010/i0139s/i0139s00.htm</subfield>
    <subfield code="z">Spanish</subfield>
  </datafield>
  <datafield tag="856" ind1=" " ind2=" ">
    <subfield code="u">http://www.fao.org/docrep/011/i0139a/i0139a00.htm</subfield>
    <subfield code="z">Arabic</subfield>
  </datafield>
  <datafield tag="942" ind1=" " ind2=" ">
    <subfield code="n">0</subfield>
    <subfield code="2">ddc</subfield>
    <subfield code="c">BK</subfield>
  </datafield>
  <datafield tag="999" ind1=" " ind2=" ">
    <subfield code="c">235</subfield>
    <subfield code="d">235</subfield>
  </datafield>
  <datafield tag="952" ind1=" " ind2=" ">
    <subfield code="0">0</subfield>
    <subfield code="1">0</subfield>
    <subfield code="4">0</subfield>
    <subfield code="7">0</subfield>
    <subfield code="8">REF</subfield>
    <subfield code="a">FPL</subfield>
    <subfield code="b">FPL</subfield>
    <subfield code="c">GEN</subfield>
    <subfield code="d">2014-09-04</subfield>
    <subfield code="p">39999000010176</subfield>
    <subfield code="r">2014-09-04 00:00:00</subfield>
    <subfield code="w">2014-09-04</subfield>
    <subfield code="y">BK</subfield>
  </datafield>
  <datafield tag="952" ind1=" " ind2=" ">
    <subfield code="0">0</subfield>
    <subfield code="1">0</subfield>
    <subfield code="4">0</subfield>
    <subfield code="7">0</subfield>
    <subfield code="8">REF</subfield>
    <subfield code="a">CPL</subfield>
    <subfield code="b">CPL</subfield>
    <subfield code="c">GEN</subfield>
    <subfield code="d">2014-09-04</subfield>
    <subfield code="p">39999000010190</subfield>
    <subfield code="r">2014-09-04 00:00:00</subfield>
    <subfield code="w">2014-09-04</subfield>
    <subfield code="y">BK</subfield>
  </datafield>
  <datafield tag="952" ind1=" " ind2=" ">
    <subfield code="0">0</subfield>
    <subfield code="1">0</subfield>
    <subfield code="4">0</subfield>
    <subfield code="7">0</subfield>
    <subfield code="8">REF</subfield>
    <subfield code="a">FPL</subfield>
    <subfield code="b">FPL</subfield>
    <subfield code="c">GEN</subfield>
    <subfield code="d">2014-09-04</subfield>
    <subfield code="p">39999000010213</subfield>
    <subfield code="r">2014-09-04 00:00:00</subfield>
    <subfield code="w">2014-09-04</subfield>
    <subfield code="y">BK</subfield>
  </datafield>
</record>
